zpět

Detail výsledku týmu

Questerland - Vinohrady, Praha

Datum a čas kvízu

19.5 Celkem bodů Celkový počet nahraných bodů na tomto kvízu bez doplňovacích otázek.
4. Pořadí na kvízu Konečné umístění týmu na tomto kvízu.

Zaznamenané odpovědi

# Otázka Odpověď Body Výsledky
1. Žena jednoho bývalého českého... Petr Nečas 0
2. Téměř dvě desetiletí hyzdil pa... o Florencii 0
3. Ve čtvrtek měla v českých kine... Jak vycvičit draka 0
4. Který známý AI generátor obráz... Midjourney 1
5. V neděli skončil 77. ročník cy... Dauphiné 0
6. Toto téma začneme prostě, a to... Mantikora (Mantichora) 0
7. Termínem Jókai (Yōkai) se ozna... A 1
8. V roce 2009 byl Rodinným autem... Škoda Yeti 0
9. V této otázce bude vaším úkole... 1D 2B 3A 4C 1
10. Na závěr jedno české mytologic... Blaník 0